Specifics of English language use in British and American media discourse bakalárska práca

Guardado en:
Detalles Bibliográficos
Autor principal: Shynkarenko, Maksym
Autor Corporativo: Fakulta aplikovaných jazykov EU v Bratislave. Katedra jazykovedy a translatológie
Otros Autores: Biliková, Beáta, 1971-
Formato: Libro
Lenguaje:inglés
Publicado: Bratislava 2025
Etiquetas: Agregar Etiqueta
Sin Etiquetas, Sea el primero en etiquetar este registro!

MARC

LEADER 00000nbm a2200000 4500
001 0308965
005 20260211103942.4
041 0 |a eng 
044 |a SK 
245 1 0 |a Specifics of English language use in British and American media discourse  |b bakalárska práca  |c Maksym Shynkarenko ; školiteľ: Beáta Biliková 
264 1 |a Bratislava  |c 2025 
300 |a 51 s. 
100 1 |a Shynkarenko, Maksym 
700 1 |a Biliková, Beáta, 1971- 
710 2 |a Fakulta aplikovaných jazykov EU v Bratislave. Katedra jazykovedy a translatológie